[Event "Ruhrgebiet Verbandsbezirksliga Gr 1"]
[Site "Ruhrgebiet"]
[Date "2019.03.03"]
[Round "7.4"]
[White "Paduch, Alexander"]
[Black "Schuetz, Ralf"]
[Result "1/2-1/2"]
[WhiteElo "1839"]
[BlackElo "1786"]
[PlyCount "52"]
[EventDate "2018.09.30"]
[EventType "team-tourn"]
[EventRounds "9"]
[EventCountry "GER"]
[SourceTitle "EXT 2022"]
[Source "ChessBase"]
[SourceDate "2021.10.06"]
[SourceVersion "1"]
[SourceVersionDate "2021.10.06"]
[SourceQuality "1"]
[WhiteTeam "Hamm Koenigsspringer II"]
[BlackTeam "Boenen SV II"]
[WhiteTeamCountry "GER"]
[BlackTeamCountry "GER"]

1. e4 e6 2. d4 d5 3. exd5 exd5 4. Nf3 Nf6 5. Bd3 Bg4 6. Bg5 Qe7+ 7. Qe2 Qxe2+ 8. Bxe2 Nbd7 9. Nbd2 Bf5 10. c3 Bd6 11. Nh4 Be6 12. Bd3 0-0-0 13. 0-0-0 h6 14. Bxf6 Nxf6 15. h3 h5 16. Nf5 Bf8 17. Ne3 g6 18. Rhf1 Bh6 19. Rde1 Rde8 20. Nf3 Re7 21. Ne5 Bf4 22. Kc2 Nd7 23. Nxg6 fxg6 24. Nxd5 Bxd5 25. Rxe7 Bd6 26. Re3 Bf4 1/2-1/2

[Event "Ruhrgebiet Bezirksliga 17/18"]
[Site "Ruhrgebiet"]
[Date "2018.02.18"]
[Round "7.3"]
[White "Paduch, Alexander"]
[Black "Tubis, Reiner"]
[Result "1-0"]
[WhiteElo "1840"]
[BlackElo "1707"]
[PlyCount "77"]
[EventDate "2017.09.03"]
[EventType "team-tourn"]
[EventRounds "9"]
[EventCountry "GER"]
[SourceTitle "EXT 2022"]
[Source "ChessBase"]
[SourceDate "2021.10.06"]
[SourceVersion "1"]
[SourceVersionDate "2021.10.06"]
[SourceQuality "1"]
[WhiteTeam "Hamm Koenigsspringer II"]
[BlackTeam "Kamen SV IV"]
[WhiteTeamCountry "GER"]
[BlackTeamCountry "GER"]

1. e4 e5 2. Nf3 Nf6 3. Nc3 Nc6 4. d4 exd4 5. Nxd4 Bb4 6. Nxc6 bxc6 7. Bd3 d6 8. 0-0 0-0 9. Bg5 Qe7 10. Qf3 Qe5 11. Bxf6 Qxf6 12. Qxf6 gxf6 13. Ne2 d5 14. Nf4 Be6 15. Nh5 Be7 16. Rfe1 Rfe8 17. Re3 dxe4 18. Bxe4 Bd5 19. Bf5 Rad8 20. Rae1 Kf8 21. Bxh7 Be6 22. Bd3 Bg4 23. Ng7 Kxg7 24. Rxe7 Be6 25. Rxc7 a5 26. Kf1 Rd6 27. b3 Ra8 28. Be4 Ra6 29. Ke2 a4 30. Rd1 Rxd1 31. Kxd1 axb3 32. axb3 Ra1+ 33. Ke2 Ra2 34. Kf3 f5 35. Bd3 Kf6 36. Rxc6 Ke5 37. Kg3 Ra8 38. f3 Rd8 39. Rb6 1-0

[Event "Ruhrgebiet Bezirksliga 17/18"]
[Site "Ruhrgebiet"]
[Date "2017.11.19"]
[Round "4.3"]
[White "Solberg, Kirsten"]
[Black "Paduch, Alexander"]
[Result "1-0"]
[WhiteElo "1878"]
[BlackElo "1840"]
[PlyCount "85"]
[EventDate "2017.09.03"]
[EventType "team-tourn"]
[EventRounds "9"]
[EventCountry "GER"]
[SourceTitle "EXT 2022"]
[Source "ChessBase"]
[SourceDate "2021.10.06"]
[SourceVersion "1"]
[SourceVersionDate "2021.10.06"]
[SourceQuality "1"]
[WhiteTeam "Unna SV"]
[BlackTeam "Hamm Koenigsspringer II"]
[WhiteTeamCountry "GER"]
[BlackTeamCountry "GER"]

1. e4 e6 2. d4 d5 3. Nd2 dxe4 4. Nxe4 Nd7 5. Nf3 Ngf6 6. Nxf6+ Nxf6 7. Bf4 Bd6 8. Be5 Bd7 9. Bd3 Bc6 10. Qe2 Qd7 11. 0-0-0 0-0-0 12. c4 Qe8 13. Kb1 Bxe5 14. dxe5 Nd7 15. Nd4 Nc5 16. Bc2 Na4 17. Qe3 Nb6 18. b3 Kb8 19. f3 Bd7 20. Be4 Qe7 21. Nc2 Bc8 22. a4 Nd7 23. f4 Nc5 24. Bf3 Na6 25. Qc3 c5 26. Rd6 Rd7 27. Rxd7 Bxd7 28. Rd1 Rc8 29. Qd3 Bc6 30. Bxc6 Rxc6 31. Qxh7 g6 32. Na3 Rc8 33. Nb5 Nb4 34. Nd6 Rf8 35. Qh3 Nc6 36. Qe3 Nd4 37. b4 b6 38. bxc5 bxc5 39. Rd2 Kc7 40. Qa3 Rb8+ 41. Nb5+ Nxb5 42. axb5 Rb7 43. Rd6 1-0

[Event "Ruhrgebiet Bezirksliga 16/17"]
[Site "Ruhrgebiet"]
[Date "2016.12.11"]
[Round "5.3"]
[White "Paduch, Alexander"]
[Black "Scheibe, Andreas"]
[Result "1/2-1/2"]
[WhiteElo "1863"]
[BlackElo "1755"]
[PlyCount "46"]
[EventDate "2016.08.28"]
[EventType "team-tourn"]
[EventRounds "11"]
[EventCountry "GER"]
[SourceTitle "EXT 2022"]
[Source "ChessBase"]
[SourceDate "2021.10.06"]
[SourceVersion "1"]
[SourceVersionDate "2021.10.06"]
[SourceQuality "1"]
[WhiteTeam "Hamm Koenigsspringer II"]
[BlackTeam "Werl SC 1981"]
[WhiteTeamCountry "GER"]
[BlackTeamCountry "GER"]

1. e4 c5 2. Nf3 e6 3. d4 cxd4 4. Nxd4 a6 5. Nc3 Qc7 6. g3 Nf6 7. Bg2 d6 8. 0-0 Nbd7 9. Nb3 Be7 10. Be3 Rb8 11. f4 b5 12. Kh1 Bb7 13. Qd3 0-0 14. a4 b4 15. Nd1 Nc5 16. Nxc5 dxc5 17. Nf2 Rfd8 18. Qe2 Rd7 19. Rfd1 Rbd8 20. Rxd7 Rxd7 21. c4 bxc3 22. bxc3 c4 23. Rb1 Qa5 1/2-1/2

[Event "Ruhrgebiet Bezirksliga 15/16"]
[Site "Ruhrgebiet"]
[Date "2015.10.25"]
[Round "3.1"]
[White "Titschert, Julian"]
[Black "Paduch, Alexander"]
[Result "1-0"]
[WhiteElo "1835"]
[BlackElo "1864"]
[PlyCount "67"]
[EventDate "2015.08.30"]
[EventType "team-tourn"]
[EventRounds "9"]
[EventCountry "GER"]
[SourceTitle "EXT 2022"]
[Source "ChessBase"]
[SourceDate "2021.10.06"]
[SourceVersion "1"]
[SourceVersionDate "2021.10.06"]
[SourceQuality "1"]
[WhiteTeam "Luenen Horstmar SC"]
[BlackTeam "Hamm Koenigsspringer II"]
[WhiteTeamCountry "GER"]
[BlackTeamCountry "GER"]

1. d4 d5 2. c4 c6 3. Nf3 Nf6 4. cxd5 cxd5 5. Nc3 Nc6 6. Qb3 e6 7. Bf4 a6 8. e3 Be7 9. Rc1 0-0 10. Bd3 Na5 11. Qc2 b5 12. 0-0 Bb7 13. Na4 Nc4 14. Nc5 Bxc5 15. dxc5 h6 16. b3 Na5 17. Bd6 Re8 18. Ne5 Nc6 19. Qb2 Nxe5 20. Bxe5 Bc6 21. Rfd1 Ra7 22. Be2 Rd7 23. Bf3 Qe7 24. b4 Red8 25. Rd4 Ne8 26. Rg4 f6 27. Bc3 e5 28. Rg6 Nc7 29. Bxe5 Qf7 30. Bxc7 Qxg6 31. Bxd8 Rxd8 32. Qd4 Qe8 33. Rd1 Qe5 34. e4 1-0

[Event "Ruhrgebiet Bezirksliga 15/16"]
[Site "Ruhrgebiet"]
[Date "2015.09.20"]
[Round "2.1"]
[White "Paduch, Alexander"]
[Black "Eichhorn, Robin"]
[Result "1/2-1/2"]
[WhiteElo "1864"]
[BlackElo "1645"]
[PlyCount "79"]
[EventDate "2015.08.30"]
[EventType "team-tourn"]
[EventRounds "9"]
[EventCountry "GER"]
[SourceTitle "EXT 2022"]
[Source "ChessBase"]
[SourceDate "2021.10.06"]
[SourceVersion "1"]
[SourceVersionDate "2021.10.06"]
[SourceQuality "1"]
[WhiteTeam "Hamm Koenigsspringer II"]
[BlackTeam "Unna SV II"]
[WhiteTeamCountry "GER"]
[BlackTeamCountry "GER"]

1. e4 e5 2. Nf3 Nc6 3. d4 exd4 4. Nxd4 Bc5 5. Nxc6 bxc6 6. Bd3 d5 7. 0-0 Nf6 8. Nc3 0-0 9. Bg5 h6 10. Bh4 Be7 11. Bg3 Be6 12. e5 Nd7 13. f4 f5 14. Ne2 Rb8 15. b3 c5 16. c3 c6 17. Bf2 a5 18. Ng3 Bh4 19. Qc2 Bxg3 20. hxg3 Qe8 21. a3 d4 22. cxd4 cxd4 23. Bxd4 Qf7 24. Bc4 Nb6 25. Bxe6 Qxe6 26. Bxb6 Rxb6 27. Qc4 Qxc4 28. bxc4 Rb3 29. Rfd1 Rc3 30. e6 Re8 31. Rd6 Rxc4 32. Rb1 Re7 33. Rb8+ Kh7 34. Rc8 Ra4 35. Rcxc6 Rxa3 36. Rd7 Re8 37. e7 Re3 38. Ra6 R3xe7 39. Rxe7 Rxe7 40. Rxa5 1/2-1/2

[Event "Ruhrgebiet Regionalliga 0910"]
[Site "Germany"]
[Date "2010.01.18"]
[Round "5.8"]
[White "Paduch, Alexander"]
[Black "Pilat, Fabian"]
[Result "1-0"]
[WhiteElo "1956"]
[BlackElo "1973"]
[PlyCount "101"]
[EventDate "2009.09.06"]
[EventType "team-tourn"]
[EventRounds "9"]
[EventCountry "GER"]
[SourceTitle "EXT 2011"]
[Source "ChessBase"]
[SourceDate "2010.11.26"]
[SourceVersion "1"]
[SourceVersionDate "2010.11.26"]
[SourceQuality "1"]
[WhiteTeam "Hamm Koenigsspringer"]
[BlackTeam "Bochum SG III"]
[WhiteTeamCountry "GER"]
[BlackTeamCountry "GER"]

1. e4 e6 2. d4 d5 3. exd5 exd5 4. Bd3 Nc6 5. c3 Nf6 6. Bg5 Bd6 7. Qe2+ Be6 8. Nf3 0-0 9. Ne5 Re8 10. 0-0 Bg4 11. Qc2 Bxe5 12. dxe5 Nxe5 13. Bxh7+ Kh8 14. f3 Be6 15. Bd3 c5 16. Bb5 Ned7 17. Qf2 c4 18. Na3 Rf8 19. Bxd7 Bxd7 20. Qh4+ Kg8 21. Bxf6 Qxf6 22. Qxf6 gxf6 23. Nc2 Kh7 24. Kf2 a5 25. Rfe1 Be6 26. Nd4 Ra6 27. Ke3 Rb6 28. b3 Rc8 29. Kd2 Rg8 30. g3 Rg5 31. g4 Re5 32. h3 cxb3 33. axb3 Ra6 34. f4 Rxe1 35. Kxe1 Kg7 36. Kf2 Bd7 37. Ke3 b5 38. f5 a4 39. Kd3 Ra8 40. bxa4 bxa4 41. Nc2 Rh8 42. Rh1 Rb8 43. Nb4 Rb5 44. Kd4 Kh6 45. h4 Ra5 46. Ra1 Ra8 47. Nxd5 Rd8 48. c4 Kg7 49. Kc5 Rh8 50. Kd6 Be8 51. h5 1-0

[Event "Ruhrgebiet Regionalliga 0708"]
[Site "Germany"]
[Date "2008.05.04"]
[Round "9.8"]
[White "Matzat, Andre"]
[Black "Paduch, Alexander"]
[Result "1/2-1/2"]
[WhiteElo "2055"]
[BlackElo "1640"]
[PlyCount "40"]
[EventDate "2007.09.16"]
[EventType "team-tourn"]
[EventRounds "9"]
[EventCountry "GER"]
[SourceTitle "EXT 2009"]
[Source "ChessBase"]
[SourceDate "2008.11.26"]
[SourceVersion "1"]
[SourceVersionDate "2008.11.26"]
[SourceQuality "1"]
[WhiteTeam "Essen Borbeck"]
[BlackTeam "Hamm "]
[WhiteTeamCountry "GER"]
[BlackTeamCountry "GER"]

1. Nf3 d5 2. d4 Nf6 3. c4 c6 4. e3 Bf5 5. cxd5 cxd5 6. Qb3 Qc7 7. Bd2 Nc6 8. Bb5 a6 9. Bxc6+ bxc6 10. Bb4 Ne4 11. 0-0 Rb8 12. Qa3 Qb6 13. Bc3 e6 14. Qa4 Qb5 15. Qxb5 axb5 16. Ba5 Bd6 17. Rc1 Kd7 18. Ne5+ Bxe5 19. dxe5 Rhc8 20. Nd2 Nxd2 1/2-1/2